00202 a2200085 4500001000700000040003500007100002100042240002900063245002400092146591 cEscola São Tomás de Aquino aIACOCCA, Liliana10aDe boca bem fechadalpor10aDe boca bem fechada